|
|
|
|
| LEADER |
04081nam a22006495i 4500 |
| 001 |
978-3-319-06998-2 |
| 003 |
DE-He213 |
| 005 |
20151103131408.0 |
| 007 |
cr nn 008mamaa |
| 008 |
140729s2015 gw | s |||| 0|eng d |
| 020 |
|
|
|a 9783319069982
|9 978-3-319-06998-2
|
| 024 |
7 |
|
|a 10.1007/978-3-319-06998-2
|2 doi
|
| 040 |
|
|
|d GrThAP
|
| 050 |
|
4 |
|a QC350-467
|
| 050 |
|
4 |
|a TA1501-1820
|
| 050 |
|
4 |
|a QC392-449.5
|
| 050 |
|
4 |
|a TA1750-1750.22
|
| 072 |
|
7 |
|a TTB
|2 bicssc
|
| 072 |
|
7 |
|a PHJ
|2 bicssc
|
| 072 |
|
7 |
|a TEC030000
|2 bisacsh
|
| 082 |
0 |
4 |
|a 621.36
|2 23
|
| 245 |
1 |
0 |
|a Lab-on-Fiber Technology
|h [electronic resource] /
|c edited by Andrea Cusano, Marco Consales, Alessio Crescitelli, Armando Ricciardi.
|
| 264 |
|
1 |
|a Cham :
|b Springer International Publishing :
|b Imprint: Springer,
|c 2015.
|
| 300 |
|
|
|a XXII, 359 p. 213 illus., 184 illus. in color.
|b online resource.
|
| 336 |
|
|
|a text
|b txt
|2 rdacontent
|
| 337 |
|
|
|a computer
|b c
|2 rdamedia
|
| 338 |
|
|
|a online resource
|b cr
|2 rdacarrier
|
| 347 |
|
|
|a text file
|b PDF
|2 rda
|
| 490 |
1 |
|
|a Springer Series in Surface Sciences,
|x 0931-5195 ;
|v 56
|
| 505 |
0 |
|
|a Multimaterial Fibers -- Optical Micro/Nanofiber as Valuable Technological Platform for Lab on Fiber -- SOI Microring Resonator Sensor Integrated on a Fiber Facet -- Monolithic Silicon Photonic Crystal Fiber Tip Sensors -- Hybrid Nanoimprint-Soft Lithography for Highly Curved Surface with Sub-15 nm Resolution -- Functional Metamaterials for Lab on Fiber -- Multifunctional Fiber Optic Plasmonic Nanoprobes -- Miniaturized Optical Tweezers Through Fiber-End Microfabrication -- Hydrogen Detection Using a Single Palladium Nano-aperture on a Fiber Tip -- Lab-in-a-Microfibre -- Lab on Fiber by Using the Breath Figure Technique -- Electrohydrodynamic Dispenser for Delivering Multiphase Samples at Nanoscale -- Optical Fiber Sensors Based on Nanostructured Materials -- Sensitive and Selective Lab-on-a-Fiber Sensor for Bacteria Detection in Water -- Photonic Crystal Fiber as a Lab-in-Fiber Optofluidic Platform -- Overview of Micro- and Nanostructured Surface Plasmon Resonance Fiber Sensor.
|
| 520 |
|
|
|a This book focuses on a research field that is rapidly emerging as one of the most promising ones for the global optics and photonics community: the “lab-on-fiber” technology. Inspired by the well-established "lab on-a-chip" concept, this new technology essentially envisages novel and highly functionalized devices completely integrated into a single optical fiber for both communication and sensing applications. Based on the R&D experience of some of the world's leading authorities in the fields of optics, photonics, nanotechnology, and material science, this book provides a broad and accurate description of the main developments and achievements in the lab-on-fiber technology roadmap, also highlighting the new perspectives and challenges to be faced. This book is essential for scientists interested in the cutting-edge fiber optic technology, but also for graduate students.
|
| 650 |
|
0 |
|a Physics.
|
| 650 |
|
0 |
|a Lasers.
|
| 650 |
|
0 |
|a Photonics.
|
| 650 |
|
0 |
|a Optics.
|
| 650 |
|
0 |
|a Optoelectronics.
|
| 650 |
|
0 |
|a Plasmons (Physics).
|
| 650 |
|
0 |
|a Nanotechnology.
|
| 650 |
|
0 |
|a Microwaves.
|
| 650 |
|
0 |
|a Optical engineering.
|
| 650 |
1 |
4 |
|a Physics.
|
| 650 |
2 |
4 |
|a Optics, Optoelectronics, Plasmonics and Optical Devices.
|
| 650 |
2 |
4 |
|a Microwaves, RF and Optical Engineering.
|
| 650 |
2 |
4 |
|a Nanotechnology.
|
| 650 |
2 |
4 |
|a Laser Technology, Photonics.
|
| 650 |
2 |
4 |
|a Nanotechnology and Microengineering.
|
| 700 |
1 |
|
|a Cusano, Andrea.
|e editor.
|
| 700 |
1 |
|
|a Consales, Marco.
|e editor.
|
| 700 |
1 |
|
|a Crescitelli, Alessio.
|e editor.
|
| 700 |
1 |
|
|a Ricciardi, Armando.
|e editor.
|
| 710 |
2 |
|
|a SpringerLink (Online service)
|
| 773 |
0 |
|
|t Springer eBooks
|
| 776 |
0 |
8 |
|i Printed edition:
|z 9783319069975
|
| 830 |
|
0 |
|a Springer Series in Surface Sciences,
|x 0931-5195 ;
|v 56
|
| 856 |
4 |
0 |
|u http://dx.doi.org/10.1007/978-3-319-06998-2
|z Full Text via HEAL-Link
|
| 912 |
|
|
|a ZDB-2-PHA
|
| 950 |
|
|
|a Physics and Astronomy (Springer-11651)
|